Guia para utilização do Compêndio de Matemática {96} 2º e 3º vol.
Gespeichert in:
| 1. Verfasser: | |
|---|---|
| Format: | keine Angabe |
| Sprache: | Spanisch |
| Erschienen: |
2-Lisboa,Portugal
Ministério da Educação Nacional
1965
|
| Ausgabe: | 1ª |
| Katalog: | MANES: Suchergebnis im Bibliothekskatalog |
| Schulbuchspezifische Eigenschaften: |
|
| Tags: |
Tag hinzufügen
Keine Tags, Fügen Sie den ersten Tag hinzu!
|
| Hinzugefügt zu: | 26.04.2016 |
MARC
| LEADER | 000000000a22000000004500 | ||
|---|---|---|---|
| 001 | 15197 | ||
| 003 | OSt | ||
| 008 | 160427s sp ||||| |||| 00| 0 spa d | ||
| 041 | 1 | |a prt | |
| 040 | |c centro_manes | ||
| 691 | 0 | |a SE | |
| 100 | 1 | |a Silva, José Sebastião e |b Autor |9 11217 | |
| 245 | 0 | 0 | |a Guia para utilização do Compêndio de Matemática {96} 2º e 3º vol. |
| 250 | |a 1ª | ||
| 260 | 3 | |a 2-Lisboa,Portugal |b Ministério da Educação Nacional |c 1965 | |
| 300 | |a 176 p. |c 23 x 17 cm. | ||
| 500 | |a nivel: Libro para Ensino Secundario Liceal - 7 . |a Reg. nº 3028. Capa rígida. Bom estado de conservação. Editado pelo Ministério da Educação Nacional com a cooperação da O.C.D.E. segundo o Projecto Especial STP-4/SP/Portugal. Texto dactilografado. | ||
| 690 | 0 | |a MATE | |
| 942 | |2 ddc |c BK | ||
| 546 | |a Portugal | ||
| 999 | |c 21171 |d 21171 | ||
| 999 | |c manes:21171 |d 21171 | ||